Представление документа в формате MARC21

Поле Инд. ПП Название Значение
Тип записи a
Библиографический уровень m
001 Контрольный номер 5ad8d204-015a-489a-a513-878e71248f4a
005 Дата корректировки 20200827093516.1
008 Кодируемые данные 960430 d
020 c Цена, тираж 1 853-00
040 a Служба первич. каталог. НБ ТвГУ
041 0_ a Код языка текста rus
080 a Индекс УДК 016:808.2
084 a Индекс другой классификации/Индекс ББК Я19:Ш141.12
a Индекс другой классификации/Индекс ББК Ш141.12я111.2
090 x Авторский знак Б 59
a Полочн. индекс 016:4
245 00 a Заглавие Библиографический указатель литературы по русскому языкознанию с 1825 по 1880 год
n Номер части/ раздела Вып. 1
p Название части/ раздела Русский литературный язык. Грамматика и словообразование, фонетика, орфоэпия; графика, орфография, пунктуация
c Ответственность Инcтитут языкознания, АН СССР ; составитель Н. Ю. Шведова ; главный редактор В. В. Виноградов
260 0_ a Место издания Москва
b Издательство Академия наук СССР
c Дата издания 1954
300 a Объем 200, [1] с.
583 k Исполнитель действия Дар Уханова Г.П.
653 0_ a Ключевые слова Русский язык
a Ключевые слова Грамматика
a Ключевые слова Словообразование
a Ключевые слова Фонетика
a Ключевые слова Орфоэпия
a Ключевые слова Графика
a Ключевые слова Орфография
a Ключевые слова Пунктуация
a Ключевые слова Библиографические указатели
a Ключевые слова Указатели
700 12 a Другие авторы Шведова Н. Ю.
e Роль лиц Составитель
700 12 a Другие авторы Виноградов Виктор Владимирович
e Роль лиц Редактор
852 41 t Порядковый номер экземпляра 1
852 41 t Порядковый номер экземпляра 1
901 t Тип документа m
920 a Оператор Иван
a Оператор Суха
930 a Новая/Ретро ретро
952 c Вид литературы К рнс
954 a Дата поступления на обработку 20200302
954 a Дата поступления на обработку 20200827